000 00466nam a2200181Ia 4500
001 18885
005 20260306171703.0
008 260306s9999||||xx |||||||||||||| ||und||
041 _aESP
082 _a658.542
_bJ21
100 _aJananía Abraham, Camilo
_eAUT
245 0 _aManual de tiempos y movimientos:
_bingeniería de métodos
260 _c2013
300 _axii, 156 páginas :
_c23 cm.
650 _aGEN
654 _aCAN
942 _cLIB
_dJUS
_fJUS
_2ddc
_n
999 _c18885
_d18885